Statistiques concernant Plus grands fleuves du Monde par débit moyen

Cliquez ici pour prendre le quiz!

Statistiques générales

  • Ce quiz a été pris 4 115 fois
  • Le résultat moyen est 5 sur 15

Statistiques - réponses

Débit moyen (m³/s)Fleuve% Correct
219 000Amazone
93%
16 200Mississippi
73%
14 270Gange
50%
41 000Congo
45%
31 900Yangzi Jiang
42%
16 000Mékong
41%
11 400Amour
36%
12 800Ob
22%
17 100Léna
18%
19 200Brahmapoutre
15%
19 600Ienissei
15%
25 700Rio Paraná
13%
30 000Orénoque
11%
13 600Rivière des Perles
10%
13 000Irrawaddy
6%

Distribution des résultats

Percentile par nombre de réponses

% des personnes avec chaque résultat

Votre développement - résultats

Vous n’avez pas pris ce quiz